Price and monetary dynamics under alternative exchange rate regimes
Salvato in:
| Autore principale: | |
|---|---|
| Natura: | Libro |
| Lingua: | inglese |
| Pubblicazione: |
Washington
IMF
1999
|
| Serie: | IMF working paper
WP/99/67 |
| Soggetti: | |
| Tags: |
Nessun Tag, puoi essere il primo ad aggiungerne!!
|
MARC
| LEADER | 00000nam a2200000 4500 | ||
|---|---|---|---|
| 001 | c116210 | ||
| 005 | 20221221083304.2 | ||
| 041 | 0 | |a eng | |
| 044 | |a US | ||
| 245 | 1 | 0 | |a Price and monetary dynamics under alternative exchange rate regimes |c Prepared by Michael Bleaney |
| 264 | 1 | |a Washington |b IMF |c 1999 | |
| 300 | |a 19 s. | ||
| 490 | 1 | |a IMF working paper |v WP/99/67 | |
| 830 | 0 | |a IMF working paper |v WP/99/67 | |
| 610 | 2 | 0 | |a kurz menový |
| 610 | 2 | 0 | |a ceny |
| 610 | 2 | 0 | |a peniaze |
| 610 | 2 | 0 | |a inflácia |
| 610 | 2 | 0 | |a OECD |
| 100 | 1 | |a Bleaney, Michael | |